[Event "Baku Open 2013"]
[Site "Baku AZE"]
[Date "2013.09.26"]
[Round "8.21"]
[White "Rzayev, Bahruz"]
[Black "Pourkashiyan, Atousa"]
[Result "1-0"]
[WhiteTitle "IM"]
[BlackTitle "WGM"]
[WhiteElo "2464"]
[BlackElo "2303"]
[WhiteFideId "13403036"]
[BlackFideId "12502014"]
[EventDate "2013.09.19"]

1. c4 e6 2. g3 d5 3. Bg2 Nf6 4. Nf3 dxc4 5. Na3 Bxa3 6. bxa3 Nbd7 7. Bb2 Rb8 8.
Rc1 O-O 9. Rxc4 b5 10. Rc1 Bb7 11. O-O c5 12. d3 Qa5 13. e4 Rfd8 14. Ne5 Rbc8
15. Nxd7 Nxd7 16. Qg4 e5 17. Rfd1 Rc6 18. f4 Qc7 19. Bc3 f6 20. h4 Bc8 21. Qf3
Nf8 22. f5 a5 23. g4 b4 24. Bb2 Ba6 25. Bf1 Qf7 26. Qf2 Qxa2 27. Rd2 Qb3 28.
Rxc5 Rxc5 29. Qxc5 bxa3 30. Bxa3 Qb5 31. Qf2 Qb3 32. Be7 Re8 33. Qc5 a4 34. g5
Qf7 35. gxf6 gxf6 36. Rg2+ Kh8 37. Bd6 Ra8 38. Bxe5 Rc8 39. Qd5 Ne6 40. fxe6 Qe7
41. Qd7 Qc5+ 42. Bd4 1-0

[Event "Baku Open 2013"]
[Site "Baku AZE"]
[Date "2013.09.26"]
[Round "8.22"]
[White "Mammadov, Zaur"]
[Black "Kazimova, Narmin"]
[Result "0-1"]
[WhiteTitle "IM"]
[BlackTitle "WIM"]
[WhiteElo "2436"]
[BlackElo "2225"]
[WhiteFideId "13401033"]
[BlackFideId "13402951"]
[EventDate "2013.09.19"]

1. e4 e5 2. Nf3 Nc6 3. d4 exd4 4. Nxd4 Bc5 5. Nxc6 Qf6 6. Qd2 dxc6 7. Nc3 Be6 8.
Bd3 Rd8 9. Na4 Bd6 10. O-O Nh6 11. Qg5 Ng4 12. Qxf6 gxf6 13. h3 Ne5 14. Be2 Rg8
15. Kh1 f5 16. f4 Nd7 17. g4 fxg4 18. f5 Bc4 19. Bxc4 b5 20. Be2 bxa4 21. Bxg4
Nf6 22. Bf3 Be5 23. Rb1 Rg3 24. Bg2 Ke7 25. b3 Rdg8 26. Ba3+ Kd7 27. Rf2 Nxe4
28. Re2 Rxh3+ 29. Bxh3 Ng3+ 30. Kg2 Nxe2+ 31. Kf2 Nf4 32. Rd1+ Bd6 33. Bf1 axb3
34. axb3 Rg5 35. c4 Rxf5 36. Ke3 c5 37. Ke4 Re5+ 38. Kf3 Ne6 39. Bb2 Rf5+ 40.
Ke3 Rh5 41. Bd3 Rh3+ 42. Kd2 Rh2+ 43. Kc1 h5 44. Bf5 Ke7 45. Rf1 Nd4 46. Re1+
Kf6 47. Be4 Be5 48. Kb1 Rxb2+ 0-1

[Event "Baku Open 2013"]
[Site "Baku AZE"]
[Date "2013.09.26"]
[Round "8.23"]
[White "Kuderinov, Kirill"]
[Black "Abdulla, Khayala"]
[Result "1-0"]
[WhiteTitle "IM"]
[BlackTitle "WIM"]
[WhiteElo "2480"]
[BlackElo "2249"]
[WhiteFideId "13701568"]
[BlackFideId "13401807"]
[EventDate "2013.09.19"]

1. e4 c5 2. Nf3 e6 3. c3 d5 4. exd5 exd5 5. Bb5+ Nc6 6. O-O Bd6 7. d4 Ne7 8. Be3
cxd4 9. Nxd4 O-O 10. Nd2 Nxd4 11. Bxd4 Nc6 12. Be3 Bc7 13. Re1 d4 14. cxd4 Nxd4
15. Ba4 b5 16. Ne4 Bb6 17. Bb3 Bb7 18. Bxd4 Bxd4 19. Qh5 Bxe4 20. Rxe4 Qf6 21.
Qxb5 Bxb2 22. Rae1 Bd4 23. Qe2 Bc5 24. g3 Qg6 25. Rg4 Qb6 26. Qf3 Kh8 27. Re5
Rad8 28. Qe2 Bd4 29. Rf5 Bf6 30. Rgf4 Rfe8 31. Qf3 Re1+ 32. Kg2 Re7 33. Bc2 Re6
34. Bb3 Re7 35. g4 h6 36. Bd5 Bg5 37. Rxf7 Bxf4 38. Rxe7 Qd6 39. Qe4 Rf8 40. Bb3
Bg5 41. Re8 Qf6 42. f3 Bf4 43. Bc2 g6 44. Rxf8+ Qxf8 45. Qxg6 1-0

[Event "Baku Open 2013"]
[Site "Baku AZE"]
[Date "2013.09.26"]
[Round "8.25"]
[White "Boruchovsky, Avital"]
[Black "Abdulov, Orkhan"]
[Result "1-0"]
[WhiteTitle "IM"]
[BlackTitle "IM"]
[WhiteElo "2461"]
[BlackElo "2356"]
[WhiteFideId "2800055"]
[BlackFideId "13402714"]
[EventDate "2013.09.19"]

1. Nf3 g6 2. e4 Bg7 3. d4 c6 4. Bd3 d5 5. e5 c5 6. c3 Nc6 7. h3 f6 8. exf6 Nxf6
9. Be3 c4 10. Bc2 O-O 11. Nbd2 Nh5 12. g3 e5 13. Nxe5 Nxe5 14. dxe5 Bxe5 15. Nf1
b5 16. f4 Bg7 17. Qd2 b4 18. Bd4 bxc3 19. bxc3 Bh6 20. Be5 Bb7 21. Qd4 Qe7 22.
O-O-O Qa3+ 23. Kb1 Rae8 24. Rh2 Ng7 25. Ne3 Ne6 26. Qd2 Nc5 27. Ng4 Bg7 28. Bxg7
Re6 29. Bxf8 Kxf8 30. Qc1 Qxc3 31. Bb3 Qb4 32. Qd2 Qxd2 33. Rhxd2 cxb3 34. axb3
Ne4 35. Rc2 Re7 36. Rd3 Kg7 37. Kb2 h5 38. Ne5 g5 39. Nc6 Rd7 40. fxg5 Nxg5 41.
Na5 Ba6 42. Rdc3 Rd8 43. Rc7+ Kf8 44. Nc6 Ra8 45. Rf2+ Kg8 46. Ne7+ Kh8 47. Rf5 1-0

[Event "Baku Open 2013"]
[Site "Baku AZE"]
[Date "2013.09.26"]
[Round "8.26"]
[White "Mikheev, Stanislav"]
[Black "Mammadova, Gulnar"]
[Result "1/2-1/2"]
[WhiteTitle "IM"]
[BlackTitle "WGM"]
[WhiteElo "2259"]
[BlackElo "2349"]
[WhiteFideId "4135920"]
[BlackFideId "13403508"]
[EventDate "2013.09.19"]

1. d4 d5 2. c4 c6 3. Nf3 Nf6 4. cxd5 cxd5 5. Nc3 Nc6 6. Bf4 Bf5 7. e3 e6 8. Qb3
Bb4 9. Bb5 O-O 10. O-O Bxc3 11. Bxc6 bxc6 12. Qxc3 1/2-1/2

[Event "Baku Open 2013"]
[Site "Baku AZE"]
[Date "2013.09.26"]
[Round "8.27"]
[White "Aghayev, Miragha"]
[Black "Noroozi, Omid"]
[Result "0-1"]
[WhiteTitle "FM"]
[WhiteElo "2309"]
[BlackElo "2385"]
[WhiteFideId "818070"]
[BlackFideId "12501190"]
[EventDate "2013.09.19"]

1. e4 c5 2. Nf3 d6 3. d4 cxd4 4. Nxd4 Nf6 5. Nc3 a6 6. Be3 e5 7. Nf3 Be7 8. Bc4
O-O 9. O-O Be6 10. Bxe6 fxe6 11. Na4 Nfd7 12. Qd3 b5 13. Qb3 Rf6 14. Nc3 Nc6 15.
Nd5 Rg6 16. Nxe7+ Qxe7 17. Qc3 Rc8 18. Qa3 Rf8 19. Ne1 Nd4 20. Bxd4 exd4 21.
Qxa6 Ne5 22. f4 Ng4 23. Qxb5 d3 24. Qb6 dxc2 25. Rc1 e5 26. h3 d5 27. Qb3 Qa7+
28. Kh1 Ne3 29. Rf2 exf4 30. Nxc2 Ng4 31. Qxd5+ Kh8 32. Rf3 Nf2+ 33. Kh2 Ng4+
34. hxg4 Rh6+ 35. Rh3 Rxh3+ 36. Kxh3 Qf2 37. Qd3 f3 38. Qd6 fxg2 39. Nd4 Re8 40.
Qd7 Rg8 41. Nf5 Qf1 42. Rxf1 gxf1=Q+ 43. Kg3 Qe2 44. Qd4 Qe1+ 45. Kf4 h6 46. e5
Kh7 47. a4 Rb8 0-1

[Event "Baku Open 2013"]
[Site "Baku AZE"]
[Date "2013.09.26"]
[Round "8.29"]
[White "Darban, Morteza"]
[Black "Aliakbarov, Anar"]
[Result "1-0"]
[WhiteTitle "IM"]
[WhiteElo "2358"]
[BlackElo "2232"]
[WhiteFideId "12501816"]
[BlackFideId "13401858"]
[EventDate "2013.09.19"]

1. e4 c5 2. Nf3 e6 3. c3 d5 4. exd5 exd5 5. Bb5+ Nc6 6. O-O Bd6 7. d4 cxd4 8.
Nxd4 Ne7 9. Nd2 O-O 10. N2b3 Qc7 11. Qh5 Ne5 12. Be2 a6 13. Bf4 N7g6 14. Bxe5
Bxe5 15. g3 Ne7 16. Rad1 b6 17. Rfe1 Bf6 18. Bf1 Bb7 19. Bg2 b5 20. a3 Rad8 21.
Nf5 g6 22. Nxe7+ Bxe7 23. Qe5 Bd6 24. Qg5 Rd7 25. Rd2 a5 26. Bxd5 Be7 27. Qe5
Qxe5 28. Rxe5 Bf6 29. Nc5 Rc7 30. Ree2 Rxc5 31. Bxb7 b4 32. cxb4 axb4 33. axb4
Rb5 34. Bd5 Rd8 35. Bc4 Rxd2 36. Rxd2 Rxb4 37. b3 Rb7 38. f4 Bc3 39. Rd3 Bb4 40.
Kg2 Kf8 41. g4 h6 42. h4 Ke7 43. Rd5 Kf6 44. Kf3 Be1 45. h5 gxh5 46. Rxh5 Kg7
47. Rc5 Bb4 48. Rc6 Be7 49. Ke4 Bf8 50. Ra6 Be7 51. Bd5 Rb4+ 52. Ke5 Bc5 53. Rc6
Bd4+ 54. Ke4 Bc5+ 55. Bc4 Be7 56. Rc7 Kf8 57. Rc6 Kg7 58. Ra6 Rb7 59. Kd3 Bc5
60. Bd5 Rb4 61. Bc4 Rb7 62. Rc6 Bb4 63. f5 Be7 64. Ke4 Bb4 65. Bd5 Re7+ 66. Kd4 1-0

[Event "Baku Open 2013"]
[Site "Baku AZE"]
[Date "2013.09.26"]
[Round "8.30"]
[White "Sevdimaliyev, Urfan"]
[Black "Nasri, Amin"]
[Result "1/2-1/2"]
[WhiteTitle "FM"]
[WhiteElo "2226"]
[BlackElo "2347"]
[WhiteFideId "13402463"]
[BlackFideId "12501972"]
[EventDate "2013.09.19"]

1. e4 Nf6 2. e5 Nd5 3. d4 d6 4. Nf3 Bg4 5. Be2 e6 6. O-O Nd7 7. c4 N5b6 8. exd6
cxd6 9. b3 Be7 10. a4 Rc8 11. a5 Na8 12. h3 Bh5 13. Be3 a6 14. Nc3 O-O 15. Qd2
Nc7 16. Rfd1 f5 17. b4 Nf6 18. Qd3 Qe8 19. Rac1 Ra8 20. d5 e5 21. Ng5 h6 22. Ne6
Nxe6 23. dxe6 f4 24. Bb6 Bg6 25. Qd2 Ne4 26. Nxe4 Bxe4 27. Bd3 Bxd3 28. Qxd3 f3
29. g3 Bg5 30. Rc3 Qxe6 31. Qd5 Qxd5 32. Rxd5 Be7 1/2-1/2

[Event "Baku Open 2013"]
[Site "Baku AZE"]
[Date "2013.09.26"]
[Round "8.32"]
[White "Umudova, Nargiz"]
[Black "Kanter, Eduard"]
[Result "0-1"]
[WhiteTitle "WIM"]
[BlackTitle "IM"]
[WhiteElo "2256"]
[BlackElo "2417"]
[WhiteFideId "13402137"]
[BlackFideId "4103963"]
[EventDate "2013.09.19"]

1. e4 c5 2. Nf3 d6 3. d4 cxd4 4. Nxd4 Nf6 5. Nc3 g6 6. Be3 Bg7 7. f3 O-O 8. Qd2
Nc6 9. O-O-O Bd7 10. Kb1 Rc8 11. g4 Ne5 12. h4 Qa5 13. Be2 Rxc3 14. Qxc3 Qxc3
15. bxc3 Rc8 16. Bd2 h5 17. gxh5 Nxh5 18. Rdg1 Kh7 19. f4 Nc4 20. Bc1 Nb6 21.
Bxh5 gxh5 22. f5 Na4 23. Bd2 Nxc3+ 24. Bxc3 Rxc3 25. Nb3 Bc6 26. Re1 Rc4 27. Nd2
Rb4+ 28. Kc1 Rb2 29. Nf3 Rxa2 30. Kd2 Bh6+ 31. Ng5+ Kg8 32. Kd3 Bb5+ 33. c4 Ra3+
34. Kc2 Bxc4 35. Rhg1 Bg7 36. e5 dxe5 37. Rxe5 Bxe5 38. Nf3+ Bg7 0-1

[Event "Baku Open 2013"]
[Site "Baku AZE"]
[Date "2013.09.26"]
[Round "8.33"]
[White "Babayev, Talib"]
[Black "Bayramov, Vugar"]
[Result "0-1"]
[WhiteTitle "IM"]
[WhiteElo "2397"]
[BlackElo "2245"]
[WhiteFideId "13401432"]
[BlackFideId "13400916"]
[EventDate "2013.09.19"]

1. Nf3 Nf6 2. g3 d6 3. d4 Nbd7 4. Bg2 e5 5. O-O Be7 6. b3 e4 7. Ng5 d5 8. c4 c6
9. Nc3 O-O 10. cxd5 cxd5 11. f3 exf3 12. Bxf3 Nb6 13. Bg2 Bg4 14. Qd3 g6 15. h3
Bd7 16. g4 Bc6 17. Bf4 Bd6 18. e3 Qe7 19. Bxd6 Qxd6 20. Rf4 Rae8 21. Raf1 Nbd7
22. Kh1 Re7 23. h4 Rfe8 24. Nd1 h6 25. Nh3 Ne4 26. Bxe4 Rxe4 27. h5 Rxf4 28.
Rxf4 g5 29. Rf3 Nf6 30. Qf5 Re6 31. Nxg5 hxg5 32. Qxg5+ Kf8 33. h6 Ne8 34. Rh3
Rg6 35. Qf4 Qxf4 36. exf4 Kg8 37. Ne3 Kh7 38. g5 Nd6 39. Ng4 Bd7 40. Rg3 Bxg4
41. Rxg4 f6 42. Rg1 fxg5 43. fxg5 Ne4 0-1

[Event "Baku Open 2013"]
[Site "Baku AZE"]
[Date "2013.09.26"]
[Round "8.34"]
[White "Mahdavirad, Mehdi"]
[Black "Mamedjarova, Zeinab"]
[Result "1-0"]
[BlackTitle "WGM"]
[WhiteElo "2252"]
[BlackElo "2268"]
[WhiteFideId "12502669"]
[BlackFideId "13401521"]
[EventDate "2013.09.19"]

1. c4 c5 2. Nc3 Nf6 3. g3 g6 4. Bg2 Bg7 5. e4 Nc6 6. Nge2 O-O 7. d3 d6 8. h3 Rb8
9. Be3 a6 10. O-O b5 11. cxb5 axb5 12. d4 Nd7 13. f4 Ba6 14. dxc5 Nxc5 15. e5 b4
16. Nd5 Nd3 17. Qc2 Bb5 18. Rfd1 dxe5 19. Rxd3 e6 20. Rd2 Bxe2 21. Qxc6 Bb5 22.
Nxb4 Bxc6 23. Rxd8 Bxg2 24. Rxf8+ Bxf8 25. Kxg2 Rxb4 26. b3 e4 27. Rc1 Rb8 28.
Kf2 Bg7 29. Ke2 f5 30. Rc7 e5 31. Rc4 Kf7 32. b4 exf4 33. gxf4 Bf8 34. a3 Ra8
35. Rc3 Bd6 36. Bc1 Ke6 37. b5 g5 38. fxg5 f4 39. b6 Kd5 40. Rb3 Rc8 41. Bd2 Ra8
42. b7 Rb8 43. h4 Kc6 44. a4 f3+ 45. Kf2 Rxb7 46. Rxb7 Kxb7 47. Be3 Ka6 48. Bd4
Bf4 49. Bc3 Kb6 50. Bf6 Ka5 51. h5 Kxa4 52. h6 Bd6 53. Bd4 Be7 54. g6 Bh4+ 55.
Kf1 hxg6 56. h7 e3 57. Bxe3 Bf6 58. Kf2 Kb5 59. Kxf3 Kc4 60. Ke4 Bh8 61. Bf4 1-0

[Event "Baku Open 2013"]
[Site "Baku AZE"]
[Date "2013.09.27"]
[Round "9.7"]
[White "Shimanov, Aleksandr"]
[Black "Sutovsky, Emil"]
[Result "1/2-1/2"]
[WhiteTitle "GM"]
[BlackTitle "GM"]
[WhiteElo "2655"]
[BlackElo "2660"]
[WhiteFideId "4198603"]
[BlackFideId "2802007"]
[EventDate "2013.09.19"]

1. Nf3 Nf6 2. c4 c5 3. b3 d6 4. Nc3 Nc6 5. g3 e5 6. Bg2 Be7 7. O-O O-O 8. e3 Bf5
9. d4 exd4 10. exd4 Bg4 11. Be3 cxd4 12. Bxd4 Qa5 13. h3 Be6 14. Nb5 d5 15. Bc3
Qb6 16. Nfd4 Nxd4 17. Nxd4 Ne4 18. Bxe4 dxe4 19. Nxe6 Qxe6 20. Qg4 Qg6 21. Qxg6
hxg6 22. Rfe1 f5 23. f3 Rad8 24. Rad1 Bc5+ 25. Kg2 Rxd1 26. Rxd1 Re8 27. fxe4
Rxe4 28. Re1 Rxe1 29. Bxe1 g5 1/2-1/2

[Event "Baku Open 2013"]
[Site "Baku AZE"]
[Date "2013.09.27"]
[Round "9.8"]
[White "Rasulov, Vugar"]
[Black "Iordachescu, Viorel"]
[Result "1/2-1/2"]
[WhiteTitle "GM"]
[BlackTitle "GM"]
[WhiteElo "2488"]
[BlackElo "2609"]
[WhiteFideId "13402390"]
[BlackFideId "13900200"]
[EventDate "2013.09.19"]

1. b3 e5 2. Bb2 d6 3. g3 g6 4. Bg2 Bg7 5. e3 Ne7 6. d4 O-O 7. Ne2 a5 8. c4 a4 9.
O-O Re8 10. Na3 Nd7 11. b4 exd4 12. Bxd4 Bf8 13. Bb2 Nc6 14. Qd2 Nf6 15. Nf4 Bg7
16. Rac1 Ne5 17. c5 d5 18. Rcd1 c6 19. e4 g5 1/2-1/2

[Event "Baku Open 2013"]
[Site "Baku AZE"]
[Date "2013.09.27"]
[Round "9.9"]
[White "Artemiev, Vladislav"]
[Black "Mamedov, Nidjat"]
[Result "1/2-1/2"]
[WhiteTitle "IM"]
[BlackTitle "GM"]
[WhiteElo "2560"]
[BlackElo "2609"]
[WhiteFideId "24101605"]
[BlackFideId "13400819"]
[EventDate "2013.09.19"]

1. b3 Nf6 2. Bb2 e6 3. e3 b6 4. Nf3 Bb7 5. c4 Be7 6. Be2 O-O 7. O-O c5 8. d4 d5
9. dxc5 Bxc5 10. Nc3 dxc4 11. Bxc4 Qxd1 12. Rfxd1 Nc6 13. Be2 Rfd8 14. a3 Kf8
15. Nd2 Be7 16. b4 Ne8 17. Bf3 Nd6 18. Nce4 Nxe4 19. Bxe4 Rd7 20. Nf3 Rxd1+ 21.
Rxd1 Rd8 22. Rxd8+ Nxd8 23. Bxb7 Nxb7 24. Kf1 f6 25. Nd4 Nd8 26. Ke2 Ke8 27. Kd3
Kd7 28. Kc4 a6 29. b5 a5 30. a4 Bd6 31. h3 Nb7 32. Nb3 Nc5 33. Nxc5+ Bxc5 34. g4
Kd6 35. Bc3 e5 36. Bd2 g6 37. f3 Ba3 38. f4 Bc5 39. f5 g5 40. e4 Bf2 41. Bc3 Bc5
42. Be1 Bg1 43. Bc3 Bc5 44. Be1 Bg1 45. Bg3 Be3 46. h4 h6 47. Be1 Bg1 48. h5 Be3
49. Bc3 Bc5 50. Kd3 Kd7 51. Bb2 Bb4 52. Ba1 Ba3 53. Kc2 Kd6 54. Kb3 Bb4 55. Kc4
Ba3 1/2-1/2

[Event "Baku Open 2013"]
[Site "Baku AZE"]
[Date "2013.09.27"]
[Round "9.11"]
[White "Anurag, Mhamal"]
[Black "Korneev, Oleg"]
[Result "0-1"]
[WhiteTitle "FM"]
[BlackTitle "GM"]
[WhiteElo "2426"]
[BlackElo "2621"]
[WhiteFideId "5024366"]
[BlackFideId "4156803"]
[EventDate "2013.09.19"]

1. d4 d5 2. Nc3 Nf6 3. Bg5 Nbd7 4. Qd3 h6 5. Bh4 c5 6. e4 cxd4 7. Bxf6 Nxf6 8.
Qxd4 dxe4 9. Qe5 Qd6 10. Qa5 Qb6 11. Bb5+ Bd7 12. Bxd7+ Nxd7 13. Qxb6 Nxb6 14.
O-O-O f5 15. f3 e3 16. Nge2 g5 17. Nd5 Kf7 18. Nxe3 e6 19. Rd3 Bc5 20. Rhd1 Ke7
21. Nd4 Rac8 22. c3 h5 23. Nec2 Kf6 24. Nb5 a6 25. Nd6 Rc7 26. Ne3 h4 27. Kc2
Rd7 28. Ng4+ Ke7 29. Ne5 Rxd6 30. Ng6+ Kf6 31. Nxh8 Nd5 32. Kb1 b5 33. Re1 Nxc3+
34. Rxc3 Bb4 35. Rec1 Bxc3 36. Rxc3 Rd1+ 37. Kc2 Rg1 38. Rc7 Rxg2+ 39. Kc3 b4+
40. Kb3 Rxh2 41. Rf7+ Ke5 42. Ng6+ Kd6 43. Ra7 h3 0-1

[Event "Baku Open 2013"]
[Site "Baku AZE"]
[Date "2013.09.27"]
[Round "9.14"]
[White "Goganov, Aleksey"]
[Black "Rzayev, Bahruz"]
[Result "1/2-1/2"]
[WhiteTitle "IM"]
[BlackTitle "IM"]
[WhiteElo "2577"]
[BlackElo "2464"]
[WhiteFideId "24109959"]
[BlackFideId "13403036"]
[EventDate "2013.09.19"]

1. Nf3 Nf6 2. g3 c5 3. Bg2 Nc6 4. O-O e5 5. c4 d6 6. Nc3 Be7 7. Ne1 Be6 8. Nd5
O-O 9. Nc2 Qd7 10. Rb1 Bh3 11. Nce3 Bxg2 12. Kxg2 Nxd5 13. Nxd5 Bg5 14. f4 exf4
15. gxf4 Ne7 16. e4 Nxd5 17. cxd5 Bf6 18. d3 Rfe8 1/2-1/2

[Event "Baku Open 2013"]
[Site "Baku AZE"]
[Date "2013.09.27"]
[Round "9.16"]
[White "Kazimova, Narmin"]
[Black "Ghaem Maghami, Ehsan"]
[Result "0-1"]
[WhiteTitle "WIM"]
[BlackTitle "GM"]
[WhiteElo "2225"]
[BlackElo "2549"]
[WhiteFideId "13402951"]
[BlackFideId "12500739"]
[EventDate "2013.09.19"]

1. Nf3 Nf6 2. c4 e6 3. Nc3 b6 4. e4 Bb7 5. Bd3 c5 6. e5 Ng4 7. O-O d6 8. Be4 d5
9. cxd5 exd5 10. Bf5 Nh6 11. Bb1 d4 12. Ne4 Nc6 13. Re1 Qd7 14. d3 O-O-O 15. a3
Ng4 16. b4 cxb4 17. axb4 Bxb4 18. Bd2 Kb8 19. Bxb4 Nxb4 20. h3 Nh6 21. Nd6 Nf5
22. Nxb7 Qxb7 23. Qd2 Nd5 24. Ba2 h6 25. Bc4 g5 26. Ba6 Qe7 27. g4 Nh4 28. Nxh4
gxh4 29. Bc4 h5 30. Bxd5 Rxd5 31. Qf4 Qe6 32. Ra4 hxg4 33. Rea1 a5 34. hxg4 Rg8
35. f3 Qxe5 36. Qxe5+ Rxe5 37. Rxd4 Rc8 38. Rd6 Re6 39. Rxe6 fxe6 40. Kg2 Kb7
41. Kh3 Rf8 42. Kxh4 Rxf3 43. g5 Rxd3 44. g6 Ka6 45. g7 Rd8 46. Kg5 b5 47. Kf6
b4 48. Kxe6 Rg8 49. Rg1 b3 50. Kd5 Kb5 51. Kd4 Kb4 52. Kd3 Ka3 53. Rg5 b2 0-1

[Event "Baku Open 2013"]
[Site "Baku AZE"]
[Date "2013.09.27"]
[Round "9.17"]
[White "Mirzoev, Azer"]
[Black "Iskandarov, Misratdin"]
[Result "1-0"]
[WhiteTitle "GM"]
[BlackTitle "IM"]
[WhiteElo "2544"]
[BlackElo "2406"]
[WhiteFideId "13400304"]
[BlackFideId "13400312"]
[EventDate "2013.09.19"]

1. d4 Nf6 2. Nf3 g6 3. g3 Bg7 4. Bg2 O-O 5. O-O d6 6. a4 a5 7. b3 Nc6 8. Bb2 Bf5
9. Na3 Qc8 10. Re1 Re8 11. Nd2 e5 12. e4 Bg4 13. f3 Bd7 14. d5 Nb4 15. Ndc4 b6
16. Nb5 Na6 17. Bc1 Rf8 18. Be3 Qe8 19. Nc3 Nh5 20. Qd2 f5 21. exf5 gxf5 22. f4
e4 23. Bd4 Nf6 24. Ne3 Qg6 25. Rad1 Nc5 26. Bf1 Rae8 27. Bb5 Bxb5 28. Nxb5 Re7
29. Bxc5 dxc5 30. d6 Rd7 31. Nxc7 Rfd8 32. Nc4 Ng4 33. Nb5 Kh8 34. h3 Nf6 35.
Kh2 Nh5 36. Qe3 Rg8 37. Rg1 Qh6 38. Nxb6 Be5 39. Nd5 Nf6 40. Nxf6 Bxf6 41. Rd5
Qg6 42. Rxc5 Rdg7 43. Rc7 h5 44. Rxg7 Bxg7 45. c4 Bh6 46. h4 Qf7 47. c5 Rg4 48.
Rf1 1-0

[Event "Baku Open 2013"]
[Site "Baku AZE"]
[Date "2013.09.27"]
[Round "9.20"]
[White "Abasov, Nijat"]
[Black "Kuderinov, Kirill"]
[Result "1-0"]
[WhiteTitle "GM"]
[BlackTitle "IM"]
[WhiteElo "2492"]
[BlackElo "2480"]
[WhiteFideId "13402960"]
[BlackFideId "13701568"]
[EventDate "2013.09.19"]

1. d4 Nf6 2. Nf3 d5 3. c4 e6 4. g3 Bb4+ 5. Bd2 Be7 6. Bg2 O-O 7. O-O c6 8. Qc2
Ne4 9. Bf4 Nd7 10. Nc3 f5 11. Rad1 b6 12. cxd5 cxd5 13. Rc1 g5 14. Nxe4 fxe4 15.
Bc7 Qe8 16. Ne5 Nxe5 17. Bxe5 Ba6 18. Qd2 Qh5 19. f3 exf3 20. Bxf3 g4 21. Rc7
Rf7 22. Bg2 Raf8 23. Rxf7 Rxf7 24. Rxa7 Qf5 25. e4 dxe4 26. Rxa6 e3 27. Ra8+ Bf8
28. Qe1 Qd3 29. Bf1 Qe4 30. Re8 Rf2 31. Bf4 Kf7 32. Rxf8+ Kxf8 33. Bxe3 1-0

[Event "Baku Open 2013"]
[Site "Baku AZE"]
[Date "2013.09.27"]
[Round "9.21"]
[White "Izzat, Kanan"]
[Black "Boruchovsky, Avital"]
[Result "1-0"]
[WhiteTitle "FM"]
[BlackTitle "IM"]
[WhiteElo "2347"]
[BlackElo "2461"]
[WhiteFideId "13405209"]
[BlackFideId "2800055"]
[EventDate "2013.09.19"]

1. d4 Nf6 2. Nf3 e6 3. g3 d5 4. Bg2 Be7 5. O-O O-O 6. c4 dxc4 7. Qc2 a6 8. a4
Bd7 9. Rd1 Bc6 10. Nc3 Bxf3 11. Bxf3 Nc6 12. Bxc6 bxc6 13. a5 Rb8 14. Ra4 Rb4
15. Na2 Rxa4 16. Qxa4 Qb8 17. Qxc4 Qb5 18. Qxb5 cxb5 19. Bf4 Rc8 20. Rc1 c6 21.
Bd2 Bd8 22. Rc2 Kf8 23. Nc1 Nd7 24. Nd3 Ke8 25. e4 Bf6 26. e5 Be7 27. Bb4 Nb8
28. Bxe7 Kxe7 29. Nb4 g5 30. f4 gxf4 31. gxf4 Rd8 32. Nxc6+ Nxc6 33. Rxc6 Rxd4
34. Rxa6 Rb4 35. Rb6 Rxb2 36. Rb7+ Kf8 37. f5 Ra2 38. f6 Ke8 39. Rxb5 h6 40.
Rb8+ Kd7 41. Rb7+ Kc6 42. Rxf7 Ra1+ 43. Kg2 Ra2+ 44. Kg3 Ra3+ 45. Kg4 Ra4+ 46.
Kh5 Rxa5 47. Kxh6 Rxe5 48. Ra7 Re2 49. h4 Kd6 50. f7 Rf2 51. Kg7 Rg2+ 52. Kf8
Rb2 53. h5 Ke5 54. Ke7 1-0

[Event "Baku Open 2013"]
[Site "Baku AZE"]
[Date "2013.09.27"]
[Round "9.24"]
[White "Pourkashiyan, Atousa"]
[Black "Mammadov, Zaur"]
[Result "1-0"]
[WhiteTitle "WGM"]
[BlackTitle "IM"]
[WhiteElo "2303"]
[BlackElo "2436"]
[WhiteFideId "12502014"]
[BlackFideId "13401033"]
[EventDate "2013.09.19"]

1. e4 c6 2. d4 d5 3. Nd2 dxe4 4. Nxe4 Nf6 5. Nxf6+ gxf6 6. c3 Bf5 7. Nf3 Qc7 8.
g3 Nd7 9. Bg2 O-O-O 10. O-O e6 11. Nh4 Bg6 12. b4 Nb6 13. a4 Nd5 14. Qb3 Be7 15.
Bd2 f5 16. c4 Nf6 17. Bf4 Bd6 18. Bg5 Be7 19. Bf4 Qd7 20. b5 Ne4 21. bxc6 Qxc6
22. Nf3 f6 23. a5 Bd6 24. Bxd6 Rxd6 25. a6 bxa6 26. Rfb1 Qb6 27. Qa3 Qc7 28. c5
Rc6 29. d5 exd5 30. Nd4 Be8 31. Bh3 Kd8 32. Bxf5 Nd2 33. Nxc6+ Bxc6 34. Qc3 1-0

[Event "Baku Open 2013"]
[Site "Baku AZE"]
[Date "2013.09.27"]
[Round "9.25"]
[White "Noroozi, Omid"]
[Black "Darban, Morteza"]
[Result "0-1"]
[BlackTitle "IM"]
[WhiteElo "2385"]
[BlackElo "2358"]
[WhiteFideId "12501190"]
[BlackFideId "12501816"]
[EventDate "2013.09.19"]

1. e4 c5 2. Nc3 e6 3. Nge2 a6 4. g3 b5 5. Bg2 Bb7 6. d3 Nf6 7. O-O b4 8. Nb1 d5
9. Nd2 a5 10. a3 Nbd7 11. b3 Bd6 12. f4 Ng4 13. Nf3 dxe4 14. dxe4 Be7 15. h3
Ngf6 16. e5 Nd5 17. Qe1 O-O 18. c4 bxc3 19. Nxc3 Nxc3 20. Qxc3 Nb6 21. Bb2 Nd5
22. Qd2 Qb6 23. Rab1 Ba6 24. Rfe1 Qxb3 25. f5 Rfd8 26. Qf2 Bd3 27. f6 Bxb1 28.
fxe7 Nxe7 29. Rxb1 Rab8 30. Ng5 Nf5 31. g4 Qe3 32. gxf5 Qxf2+ 33. Kxf2 Rd2+ 34.
Kf1 exf5 35. Nxf7 c4 36. Nd6 c3 37. Nc4 Rc2 38. Ne3 Rcxb2 39. Rc1 f4 40. Nc2 Rd8
41. Ne1 Rb3 42. a4 Kf8 43. Be4 g6 44. Nd3 Ke7 45. Nc5 Rb2 46. Nd3 Rd4 47. Re1
Rb8 48. Kf2 c2 49. Nc1 Rc8 50. Bd3 Rxa4 51. Ke2 Rb4 52. Kd2 Ke6 53. Re2 Rd4 54.
h4 a4 55. h5 g5 56. h6 a3 57. Rg2 f3 58. Rg3 g4 59. Ke3 Rxd3+ 60. Kxd3 a2 0-1

[Event "Baku Open 2013"]
[Site "Baku AZE"]
[Date "2013.09.27"]
[Round "9.26"]
[White "Abdulla, Khayala"]
[Black "Ahmadinia, Ebrahim"]
[Result "0-1"]
[WhiteTitle "WIM"]
[BlackTitle "IM"]
[WhiteElo "2249"]
[BlackElo "2381"]
[WhiteFideId "13401807"]
[BlackFideId "12501891"]
[EventDate "2013.09.19"]

1. e4 e6 2. d4 d5 3. e5 c5 4. c3 Nc6 5. Nf3 Nh6 6. a3 f6 7. exf6 Qxf6 8. Bg5 Qf7
9. Ne5 Nxe5 10. dxe5 Bd7 11. Be2 Nf5 12. O-O Be7 13. Bxe7 Qxe7 14. c4 dxc4 15.
Nd2 O-O 16. Nxc4 Bc6 17. Na5 Be4 18. Qb3 Qg5 19. Qh3 Qd2 20. Qg4 Bd5 21. Nc4 Qd4
22. Qxd4 Nxd4 23. Bd3 b5 24. Ne3 c4 25. Bc2 Rad8 26. Rad1 Bb7 27. f3 Rd7 28. a4
a6 29. Kf2 Rfd8 30. Bb1 Nc6 31. Be4 Rd2+ 32. Kg3 Na5 33. Bxb7 Nxb7 34. axb5 axb5
35. Rxd2 Rxd2 36. Rf2 Rd3 37. Nc2 Nc5 38. Re2 Kf7 39. Kf4 Na4 40. Ne3 Rd4+ 41.
Kg3 Ke7 42. Kf2 Nc5 43. Kg3 Rd8 44. Nc2 Nd3 45. Na3 Rd5 46. f4 Kd7 47. Kf3 Kc6
48. Nc2 Kc5 49. Ne3 Rd7 50. f5 Nxe5+ 51. Ke4 Nc6 52. Nc2 exf5+ 53. Kxf5 b4 54.
Kg4 Ra7 55. Re6 b3 56. Ne1 Ra2 57. Re2 c3 58. Re3 cxb2 59. Rxb3 Kc4 60. Rb7 Nb4 0-1